000 00433nam a2200157 i 4500
001 78322
003 ES-MaACL
005 20230906173646.0
007 t|
008 041013s1934 gw ||||1| ger d
100 1 _aHass, Julius.
_962042
245 1 0 _aKonservative und operative orthopèadie /
_cvon Julius Hass.
260 _aWien :
_bJulius Springer,
_c1934.
300 _aX, 363 p. :
_bil. ;
_c25 cm.
852 _aES-MaACL
_jE-1051
999 _c78322
_d78322